Online
Catalog

La unica ciudadana / (Record no. 12011)

MARC details
000 -CABECERA
campo de control de longitud fija 00681cam a2200205 a 4500
001 - NÚMERO DE CONTROL
campo de control 000012354
005 - FECHA Y HORA DE LA ÚLTIMA TRANSACCIÓN
campo de control 20200929163019.0
008 - DATOS DE LONGITUD FIJA--INFORMACIÓN GENERAL
campo de control de longitud fija 880506s1985 cu 000 f spa d
040 ## - FUENTE DE LA CATALOGACIÓN
Centro catalogador/agencia de origen DO-SdBNP
Lengua de catalogación spa
Centro/agencia transcriptor DLC
Centro/agencia modificador BNPHU
082 ## - NÚMERO DE LA CLASIFICACIÓN DECIMAL DEWEY
Número de clasificación Cu863.44
Número de documento/Ítem A447u
100 1# - ENTRADA PRINCIPAL--NOMBRE DE PERSONA
Nombre de persona Almeida Bosque, Juan,
Fechas asociadas al nombre 1927-2009.
9 (RLIN) 19267
245 13 - MENCIÓN DE TÍTULO
Título La unica ciudadana /
Mención de responsabilidad, etc. Juan Almeida Bosque; edición Dominica Diez.
260 ## - PUBLICACIÓN, DISTRIBUCIÓN, ETC.
Lugar de publicación, distribución, etc. Habana, (Cuba) :
Nombre del editor, distribuidor, etc. Casa de la Americas,
Fecha de publicación, distribución, etc. c1985.
300 ## - DESCRIPCIÓN FÍSICA
Extensión 154 p. ;
Dimensiones 19 cm.
650 #4 - PUNTO DE ACCESO ADICIONAL DE MATERIA--TÉRMINO DE MATERIA
Término de materia o nombre geográfico como elemento de entrada Novela histórica cubana
9 (RLIN) 5841
650 #4 - PUNTO DE ACCESO ADICIONAL DE MATERIA--TÉRMINO DE MATERIA
Término de materia o nombre geográfico como elemento de entrada Novela cubana
9 (RLIN) 2316
650 #4 - PUNTO DE ACCESO ADICIONAL DE MATERIA--TÉRMINO DE MATERIA
Término de materia o nombre geográfico como elemento de entrada Literatura cubana
9 (RLIN) 1483
700 1# - PUNTO DE ACCESO ADICIONAL--NOMBRE DE PERSONA
Nombre de persona Diez, Dominica,
Término indicativo de función/relación ed.
9 (RLIN) 14421
910 ## - DATOS DE OPCIÓN DEL USUARIO (OCLC)
Datos de opción del usuario Catalogación por copia / LC
Holdings
Estado de retiro Estado de pérdida Restricciones de uso No para préstamo Código de colección Localización permanente Ubicación/localización actual Ubicación en estantería Fecha de adquisición Número de inventario Total de préstamos Signatura topográfica completa Código de barras Fecha visto por última vez Precio válido a partir de Tipo de ítem Koha
        Monografías: Libros y Folletos General General En catalogación 11.11.2009 LF1   Cu863.44 A447u 12354-10 25.06.2020 25.06.2020 Préstamo en sala

Powered by Koha